Continuous quality improvement in higher education / (Record no. 3968)
[ view plain ]
| 000 -LEADER | |
|---|---|
| fixed length control field | 00884nam a22002412 4500 |
| 001 - CONTROL NUMBER | |
| control field | 0000019536 |
| 005 - DATE AND TIME OF LATEST TRANSACTION | |
| control field | 20151217145917.0 |
| 008 - FIXED-LENGTH DATA ELEMENTS--GENERAL INFORMATION | |
| fixed length control field | 110106s xx 000 0 eng d |
| 020 ## - INTERNATIONAL STANDARD BOOK NUMBER | |
| International Standard Book Number | 0275983897 : |
| 040 ## - CATALOGING SOURCE | |
| Original cataloging agency | KABU |
| Transcribing agency | KABU |
| 100 1# - MAIN ENTRY--PERSONAL NAME | |
| Personal name | Dew, John Robert. |
| -- | 0000179279 |
| 245 10 - TITLE STATEMENT | |
| Title | Continuous quality improvement in higher education / |
| Statement of responsibility, etc. | John Robert Dew and Molly McGowan Nearing. |
| 250 ## - EDITION STATEMENT | |
| Edition statement | 1st ed. |
| 260 ## - PUBLICATION, DISTRIBUTION, ETC. (IMPRINT) | |
| Place of publication, distribution, etc. | Westport, CT : |
| Name of publisher, distributor, etc. | Praeger, |
| Date of publication, distribution, etc. | 2004. |
| 300 ## - PHYSICAL DESCRIPTION | |
| Extent | xi, 194 p. |
| 650 #0 - SUBJECT ADDED ENTRY--TOPICAL TERM | |
| Topical term or geographic name as entry element | Universities and colleges |
| General subdivision | Administration |
| Geographic subdivision | United States. |
| -- | 0000179280 |
| 650 #0 - SUBJECT ADDED ENTRY--TOPICAL TERM | |
| Topical term or geographic name as entry element | Total quality management in higher education |
| Geographic subdivision | United States. |
| -- | 0000179281 |
| 700 1# - ADDED ENTRY--PERSONAL NAME | |
| Personal name | Nearing, Molly McGowan. |
| -- | 0000179282 |
| 852 1# - LOCATION | |
| -- | p3493 KES |
| 852 1# - LOCATION | |
| -- | p3493 KES |
| 908 ## - PUT COMMAND PARAMETER (RLIN) | |
| Put command parameter | 110106 |
| 950 ## - LOCAL HOLDINGS (RLIN) | |
| -- | 1 |
| Withdrawn status | Lost status | Source of classification or shelving scheme | Not for loan | Home library | Current library | Date acquired | Total Checkouts | Full call number | Barcode | Date last seen | Price effective from | Koha item type | Date last checked out |
|---|---|---|---|---|---|---|---|---|---|---|---|---|---|
| Library of Congress Classification | Kabarak, Main Campus | Kabarak, Main Campus | 17/12/2015 | LB2341 .D49 2004 c. 1 | 23152 | 17/12/2015 | 17/12/2015 | General Collection | |||||
| Library of Congress Classification | Kabarak, Main Campus | Kabarak, Main Campus | 17/12/2015 | 2 | LB2341 .D49 2004 c. 2 | 23151 | 01/11/2018 | 17/12/2015 | General Collection | 05/10/2018 |